| 000 | 00414nam a2200121Ia 4500 | ||
|---|---|---|---|
| 008 | 181023s9999 xx 000 0 und d | ||
| 020 | _a9781119363200 | ||
| 100 | _aBerberick, Tammy R. | ||
| 245 |
_cTammy R. Berberick, Peter Lindsay, Katie Fritchen.-- _aThe Leadership habit : _btransforming behaviors to drive results / |
||
| 260 |
_aNew Jersey : _bWiley _c2017 |
||
| 300 | _axii, 187 pages. | ||
| 650 | _aLeadership. | ||
| 999 |
_c359359 _d359359 |
||